Capitales de Europa por código IATA - Estadísticas

Estadísticas generales
  • Esta prueba ha sido intentada 4.086 veces
  • La puntuación promedio es 22 de 40
Estadísticas de respuestas
Código IATA Capital % Correcto
AMS Ámsterdam
97%
MAD Madrid
89%
OSL Oslo
88%
BRU Bruselas
85%
DUB Dublín
85%
LUX Luxemburgo
85%
PRG Praga
85%
VIE Viena
84%
HEL Helsinki
83%
ATH Atenas
82%
SOF Sofía
81%
BUD Budapest
80%
ZAG Zagreb
80%
BER Berlín
79%
LIS Lisboa
73%
TLL Tallín
68%
WAW Varsovia
68%
SKP Skopie
63%
CPH Copenhague
62%
BRN Berna
59%
LJU Liubliana
56%
BEG Belgrado
51%
RIX Riga
44%
SJJ Sarajevo
43%
BBU Bucarest
39%
BTS Bratislava
36%
LHR Londres
36%
CDG Paris
36%
FCO Roma
36%
TIA Tirana
36%
VNO Vilna
33%
KBP Kiev
27%
MSQ Minsk
25%
PRN Pristina
25%
MLA La Valeta
17%
ARN Estocolmo
15%
KEF Reikiavik
12%
DMO Moscú
11%
TGD Podgorica
9%
KIV Chisináu
7%
No se encontraron pruebas coincidentes
Distribución de puntuación
Porcentaje de gente con cada puntuación
Porcentaje por número respondido
Historial de tus puntuaciones
No has intentado esta prueba.